Oprava základu dane podľa zákona o DPH a jej účtovanie

Postup pri oprave základu dane definuje §25 zákona č.222/2004 Z.z. (zákon o DPH). Postup platiteľa dane - odberateľa, ktorý si z prijatého plnenia odpočital daň a následne z dôvodu opravy základu dane opravuje odpočítanú daň, definuje §53 zákona o DPH.

Guardado en:
Detalles Bibliográficos
Autor principal: Jurišová, Anna
Otros Autores: Turóciová, Jana
Formato: Capítulo de libro
Lenguaje:eslovaco
Materias:
Etiquetas: Agregar Etiqueta
Sin Etiquetas, Sea el primero en etiquetar este registro!

MARC

LEADER 00000naa a2200000 4500
001 0268259
005 20200904150311.2
041 0 |a slo 
044 |a SK 
245 1 0 |a Oprava základu dane podľa zákona o DPH a jej účtovanie  |c Anna Jurišová, Jana Turóciová 
520 |a Postup pri oprave základu dane definuje §25 zákona č.222/2004 Z.z. (zákon o DPH). Postup platiteľa dane - odberateľa, ktorý si z prijatého plnenia odpočital daň a následne z dôvodu opravy základu dane opravuje odpočítanú daň, definuje §53 zákona o DPH. 
610 2 0 |a základ dane 
610 2 0 |a opravy 
610 2 0 |a zákony 
610 2 0 |a odpočet dane 
100 1 |a Jurišová, Anna 
700 1 |a Turóciová, Jana